Phân lập và nhận diện vi khuẩn cố định đạm từ hẹ và ngò gai trồng ở Vĩnh Long và Cần Thơ : Luận văn thạc sĩ Khoa học. Chuyên ngành: Sinh thái học

Đề tài nghiên cứu phân lập được một số dòng vi khuẩn có khả năng cố định đạm. Khảo sát một số đặc tính sinh học của các dòng vi khuẩn như hình dạng, kích thước, khả năng chuyển động nhuộm Gram. Xác định khả năng tổng hợp NH4 của các...

Description complète

Enregistré dans:
Détails bibliographiques
Auteur principal: Trần, Mỹ Xuyên
Format: Livre
Langue:Undetermined
Publié: Cần Thơ Trường Đại học Cần Thơ 2010
Sujets:
Tags: Ajouter un tag
Pas de tags, Soyez le premier à ajouter un tag!
Thư viện lưu trữ: Trung tâm Học liệu Trường Đại học Cần Thơ
LEADER 01337nam a2200217Ia 4500
001 CTU_162450
008 210402s9999 xx 000 0 und d
082 |a 635.7 
082 |b X527 
088 |a 60420120 
100 |a Trần, Mỹ Xuyên 
245 0 |a Phân lập và nhận diện vi khuẩn cố định đạm từ hẹ và ngò gai trồng ở Vĩnh Long và Cần Thơ : 
245 0 |b Luận văn thạc sĩ Khoa học. Chuyên ngành: Sinh thái học 
245 0 |c Trần Mỹ Xuyên; Nguyễn Hữu Hiệp (Hướng dẫn Khoa học) 
260 |a Cần Thơ 
260 |b Trường Đại học Cần Thơ 
260 |c 2010 
520 |a Đề tài nghiên cứu phân lập được một số dòng vi khuẩn có khả năng cố định đạm. Khảo sát một số đặc tính sinh học của các dòng vi khuẩn như hình dạng, kích thước, khả năng chuyển động nhuộm Gram. Xác định khả năng tổng hợp NH4 của các dòng vi khuẩn phân lập được 
650 |a Vegetables,Vi khuẩn cố định đạm,Rau màu,Nitrogen-fixing plants,Nitrogen-fixing trees 
904 |i Năm, Thơ 
980 |a Trung tâm Học liệu Trường Đại học Cần Thơ